000 00744nam a22002177a 4500
003 OSt
005 20250728022544.0
008 250728b |||||||| |||| 00| 0 eng d
020 _a9781259010699
040 _aDWCL-Main lib
_cOC
082 _aCirc. 519.5 B658c 2013
100 _aBluman, Allan G.
245 _a Elementary Statistics :
_b a step-by-step approach/
_cAllan G. Bluman
250 _a Sixth edition.
260 _aNew York :
_b McGraw-Hill,
_cc2013.
300 _axxxii, 674 pages (various pagings) :
_billustrations ;
_c26 cm.
504 _aIncludes bibliographical references
650 _a1. Statistics--Textbooks.
650 _a2. Mathematical statistics--Textbooks.
942 _2ddc
_cBK-CIRC
_eSixth edition.
_kCirc.
_n0
999 _c3842
_d3842